MARC details
| 000 -CABECERA |
| campo de control de longitud fija |
01352nam a2200301 a 4500 |
| 001 - NÚMERO DE CONTROL |
| campo de control |
000007994 |
| 005 - FECHA Y HORA DE LA ÚLTIMA TRANSACCIÓN |
| campo de control |
20240305122427.0 |
| 008 - DATOS DE LONGITUD FIJA--INFORMACIÓN GENERAL |
| campo de control de longitud fija |
090914t2006 dr ac r 001 d spa d |
| 020 ## - NÚMERO INTERNACIONAL ESTÁNDAR DEL LIBRO |
| Número Internacional Estándar del Libro |
9945160125 |
| 040 ## - FUENTE DE LA CATALOGACIÓN |
| Centro catalogador/agencia de origen |
DO-SdBNP |
| Lengua de catalogación |
spa |
| Centro/agencia transcriptor |
BNPHU |
| 082 ## - NÚMERO DE LA CLASIFICACIÓN DECIMAL DEWEY |
| Número de clasificación |
RD862.4408 |
| Número de documento/Ítem |
T253v |
| 245 00 - MENCIÓN DE TÍTULO |
| Título |
Teatro del vía : |
| Resto del título |
(5 dramaturgos) / |
| Mención de responsabilidad, etc. |
Rannel Báez ...[et. al] ; selección, corrección e introducción William Mejía. |
| 250 ## - MENCIÓN DE EDICIÓN |
| Mención de edición |
3a. ed. |
| 260 ## - PUBLICACIÓN, DISTRIBUCIÓN, ETC. |
| Lugar de publicación, distribución, etc. |
Santo Domingo : |
| Nombre del editor, distribuidor, etc. |
Teatro-Sur : Nacional, |
| Fecha de publicación, distribución, etc. |
2006. |
| 300 ## - DESCRIPCIÓN FÍSICA |
| Extensión |
136 p. : |
| Otras características físicas |
il., retrs. ; |
| Dimensiones |
23 cm. |
| 500 ## - NOTA GENERAL |
| Nota general |
Incluye datos biográficos de los autores. |
| 505 0# - NOTA DE CONTENIDO CON FORMATO |
| Nota de contenido con formato |
Comentario liminar / |
| Mención de responsabilidad |
William Mejía -- |
| Título |
Ni un paso al escenario / |
| Mención de responsabilidad |
Rannel Báez -- |
| Título |
Harina de un mismo costal / |
| Mención de responsabilidad |
Javier Reyes -- |
| Título |
Entre leyes y lacayos / |
| Mención de responsabilidad |
Raysa Saviñón -- |
| Título |
Buscando la salida / |
| Mención de responsabilidad |
Luís Therko Vargas -- |
| Título |
Estampa de la noche / |
| Mención de responsabilidad |
Virgilio López Azuán. |
| 590 ## - NOTA LOCAL (RLIN) |
| Nota local |
Inventariado, 2019/BT |
| 650 #4 - PUNTO DE ACCESO ADICIONAL DE MATERIA--TÉRMINO DE MATERIA |
| Término de materia o nombre geográfico como elemento de entrada |
Teatro dominicano |
| Subdivisión general |
Colecciones |
| 9 (RLIN) |
21852 |
| 650 #4 - PUNTO DE ACCESO ADICIONAL DE MATERIA--TÉRMINO DE MATERIA |
| Término de materia o nombre geográfico como elemento de entrada |
Literatura dominicana |
| Subdivisión general |
Colecciones |
| 9 (RLIN) |
352 |
| 700 1# - PUNTO DE ACCESO ADICIONAL--NOMBRE DE PERSONA |
| Nombre de persona |
Báez, Rannel, |
| Fechas asociadas al nombre |
1963- |
| 9 (RLIN) |
21853 |
| 700 1# - PUNTO DE ACCESO ADICIONAL--NOMBRE DE PERSONA |
| Nombre de persona |
Reyes, Javier, |
| Fechas asociadas al nombre |
1961- |
| 9 (RLIN) |
21854 |
| 700 1# - PUNTO DE ACCESO ADICIONAL--NOMBRE DE PERSONA |
| Nombre de persona |
Saviñón, Raysa |
| 9 (RLIN) |
21855 |
| 700 1# - PUNTO DE ACCESO ADICIONAL--NOMBRE DE PERSONA |
| Nombre de persona |
Therko Vargas, Luis, |
| Fechas asociadas al nombre |
1962- |
| 9 (RLIN) |
21856 |
| 700 1# - PUNTO DE ACCESO ADICIONAL--NOMBRE DE PERSONA |
| Nombre de persona |
López Azuán, Virgilio, |
| Fechas asociadas al nombre |
1959- |
| 9 (RLIN) |
64493 |
| 700 1# - PUNTO DE ACCESO ADICIONAL--NOMBRE DE PERSONA |
| Nombre de persona |
Mejía, William, |
| Término indicativo de función/relación |
pról. |
| 9 (RLIN) |
1538 |
| 910 ## - DATOS DE OPCIÓN DEL USUARIO (OCLC) |
| Datos de opción del usuario |
Validado. Control de calidad. EMS |